Two counties separated by a common language? - Statistics

General Stats
  • This quiz has been taken 27 times
  • The average score is 6 of 15
Answer Stats
Hint Answer % Correct
Pants Trousers
92%
Pedestrian crossing Zebra crossing
64%
Sidewalk Pavement
56%
Sneakers Trainers
56%
Tire Tyre
56%
Expressway Motorway
52%
Trunk Boot
48%
Hood Bonnet
36%
Stick-shift Manual
28%
Windshield Windscreen
28%
Suspenders Braces
24%
Muffler Exhaust
24%
Garter belt Suspenders
12%
Turnpike Toll road
12%
Fender Wing
12%
No matching quizzes found
Score Distribution
Percent of People with Each Score
Percentile by Number Answered
Your Score History
You have not taken this quiz